General Zod - Potrayals by Picture - Statistics

General Stats
  • This quiz has been taken 5 times
  • The average score is 2 of 15
Answer Stats
Picture Answer % Correct
Terence Stamp
67%
Michael Shannon
33%
Nolan North
33%
Townsend Coleman / Nolan North
33%
Alexander Brandon
0%
Bruce Thomas
0%
Callum Blue
0%
Colin Salmon
0%
Jason J. Lewis
0%
Jeff Bergman
0%
Liam O'Brien
0%
Mark Gibbon
0%
Phil Morris
0%
René Auberjonois
0%
Simon Templeman
0%
No matching quizzes found
Score Distribution
Percent of People with Each Score
Percentile by Number Answered
Your Score History
You have not taken this quiz